000 00684nam a2200229Ia 4500
005 20260429111925.0
008 260429s9999||||xx |||||||||||||| ||und||
020 _a9789360804367
041 _aEnglish
082 _a305.5122
_bGUH
100 _aGuha, Sumit
245 0 _aBeyond caste :
_bidentity and power in south Asia, past and present /
_cSumit Guha
250 _a1st ed.
260 _aNew Delhi :
_bManohar Publishers and Distributors,
_c2024.
300 _axviii, 236 p.; hb
650 _a Identity politics
650 _a Power relations
650 _a Social stratification
650 _a South Asian society
650 _aCaste system-South Asia
942 _cTB
999 _c51455
_d51455